00313nam a2200121Ia 4500008004100000082001500041100001700056245005000073250000800123260003600131300000800167650001600175191201s2004 xx 000 0 und d a620.3bTSM aTSF, Francis 0aMechanical Vibrations Theory and Applications aRep aN. DelhibC B S Publisherc2004 a449 aM.Tech (ME)